01151nam a2200289 i 45000010005000000030009000050050017000140070003000310080041000340200018000750800028000930800018001211000041001392450133001802600045003133000029003584900056003875000013004436000068004566000055005247000029005798300064006088520044006729420008007169990015007249520122007396104ES-MaACL20230906144811.0t|890711s1988 xxu b ||||1| eng d a0-8240-8732-1 a86.0(83)(Neruda,P.):012 a012 Neruda,P.1 aWoodbridge, Hensley Charles.911732310aPablo Neruda b: an annotated bibliography of biographical and critical studies / cHensley C. Woodbridge and David S. Zubatsky. aNew York ; aLondon : bGarland, c1988. aXVIII, 629 p. ; c22 cm.1 aGarland reference library of the humanities ; v593 aIndices.14aNeruda, Pablo,d1904-1973-xCrítica e interpretación98539914aNeruda, Pablo,d1904-1973vBiobibliografias9853981 aZubatsky, David.91183890 aGarland reference library of the humanities ; v5939182051 aES-MaACLjL-13179 bR.116364 z. - tela 2udc c6104d6104 00104070aATENEOMbATENEOMcDEPO2d2008-01-17eSCl0oL-13179p1006210r2023-02-23 00:00:00w2023-02-23yMONOGRAFIA